| 000 | 00723nam a22002417a 4500 | ||
|---|---|---|---|
| 999 |
_c326712 _d326712 |
||
| 001 | 40573 | ||
| 003 | UA-OsUOA | ||
| 005 | 20200126141218.0 | ||
| 007 | ta | ||
| 008 | 20060811b un ||||| |||| 00| 0 ukr d | ||
| 020 | _a966-518-297-8 | ||
| 040 |
_aUA-OsUOA _bukr _cUA-OsUOA _dUA-OsUOA |
||
| 041 | _aukr | ||
| 080 | _a330.322.3:61 | ||
| 090 |
_a330.322.3:61 _bГ87 |
||
| 100 | _aГроот В. | ||
| 245 |
_aІнвестування в охорону здоров'я _bінавгураційна лекція почес. професора КМА 1 вересня 2004 р. |
||
| 260 |
_aК. _bКМА _c2004 |
||
| 300 | _a46 с. | ||
| 650 | 7 |
_a330 Економіка взагалі _2UDC |
|
| 942 |
_cBK _2udc |
||
| 955 | _a1 | ||